States without a State University - Statistics

General Stats
  • This quiz has been taken 60 times
  • The average score is 10 of 12
Answer Stats
State % Correct
Alaska
96%
Maine
89%
Rhode Island
89%
New Hampshire
85%
New Jersey
85%
Hawaii
83%
New York
83%
Wyoming
79%
Massachusetts
77%
Connecticut
75%
Maryland
72%
Wisconsin
62%
No matching quizzes found
Score Distribution
Percent of People with Each Score
Percentile by Number Answered
Your Score History
You have not taken this quiz